01099nam a2200229 a 450000100100000000500170001000800410002702000150006804000250008308200150010810000480012324501730017126001440034430000340048849000350052250000700055750400310062770000390065883000420069795201130073999900170085200004172520201002035723.0131016s1988 sp ab 000 0 spa d a840006867X aDO-SdBNPbspacBNPHU axxxbC127p1 aCañedo-Argüelles Fabrega, Teresa96766813aLa provincia de corrientes en los siglos XVI y XVII. Un modelo de colonización en el alto parana /cTeresa Cañedo-Argüelles Fabrega ; prólogo Alfredo Jiménez. aMadrid :bConsejo Superior de Investigaciones Científicas, Centro de Estudios Históricos, Departamento de Historia de América,c1988. a257 p. :bil., maps ;c24 cm.1 aTierra nueva e cielo nuevov23 aIncluye referencias bibliográficas y notas al pie de páginas. aBibliografía: p. 251-25712aJiménez, Alfredoepról.968558 0aTierra nueva e cielo nuevon23968559 001050718MOaGRbGRcCTd2013-10-16iLF1l0oxxx C127pp41725-10r2020-06-25w2020-06-25y1ZNo se presta c41214d41214